| 000 | 00912nam a2200253 4500 | ||
|---|---|---|---|
| 001 | 51890 | ||
| 003 | BD-RJUL | ||
| 005 | 20211209075727.0 | ||
| 008 | 160904r19591953us a b 000 0 eng d | ||
| 035 | _aBD-RjUL52010 | ||
| 040 |
_aBD-RjUL _beng _cBD-RjUL |
||
| 041 | _aeng | ||
| 082 |
_223 _a519.5 _bCRE 1959 |
||
| 100 | 1 |
_aCroxton, Frederick Emory, _d1899-1991. _9155201 |
|
| 245 | 1 | 0 |
_aElementary statistics with applications in medicine and the biological sciences / _cby Frederick E. Croxton |
| 260 |
_aNew York : _bDover Publications, _c1959 |
||
| 300 |
_avii, 376 p : _bill. ; _c21 cm |
||
| 500 | _a"An unabridged and corrected republication of the work first published under the title, Elementary statistics with applications in medicine." | ||
| 504 | _aBibliographical footnotes | ||
| 650 | 0 |
_aStatistics. _9155202 |
|
| 650 | 0 |
_aMedical statistics _9140990 |
|
| 942 |
_2ddc _cBK |
||
| 999 |
_c51890 _d51890 |
||